000
00175nam a22000977a 4500
003
SGT
245
_a
Implant Dentistry
260
_c
2016,2016
300
_a
425
942
_2
ddc
_c
BV
999
_c
30010
_d
30010